50 Chowders : (Record no. 617700)

MARC details
000 -LEADER
fixed length control field 00398nam a2200169 a 4500
008 - FIXED-LENGTH DATA ELEMENTS--GENERAL INFORMATION
fixed length control field 260313s2000##################000#0#eng##
020 ## - INTERNATIONAL STANDARD BOOK NUMBER
ISBN 9780684850344
Paper back/Hardbound pbk
041 ## - LANGUAGE CODE
Language code of text/sound track or separate title eng
082 04 - DEWEY DECIMAL CLASSIFICATION NUMBER
Classification number 641.813
Item number WHI
100 1# - MAIN ENTRY--AUTHOR NAME
Personal name White, Jasper,
245 10 - TITLE STATEMENT
Title 50 Chowders :
260 ## - PUBLICATION, DISTRIBUTION, ETC. (IMPRINT)
Name of publisher Simon and Schuster,
Year of publication 2000.
300 ## - PHYSICAL DESCRIPTION
Number of Pages 256 pages
650 #0 - SUBJECT ADDED ENTRY--TOPICAL TERM
Topical Term Cooking.
942 ## - ADDED ENTRY ELEMENTS (KOHA)
Koha item type Reference
Holdings
Withdrawn status Lost status Damaged status Not for loan Home library Current library Shelving location Date acquired Full call number Accession Number Price effective from Koha item type
        Anna Centenary Library Anna Centenary Library 6TH FLOOR, A WING 13.03.2026 641.813 WHI 457412 13.03.2026 Reference

Find us on the map